[Event "World Cup U12 Prel"]
[Site "Tornelo INT"]
[Date "2021.08.06"]
[Round "8"]
[White "Azher, Hossain"]
[Black "Xie, Timothy"]
[Result "1/2-1/2"]
[WhiteElo "1406"]
[BlackElo "1730"]
[PlyCount "104"]
[EventDate "2021.08.06"]
[EventType "swiss (rapid)"]
[EventRounds "10"]
[EventCountry "NET"]
[SourceTitle "EXT 2025"]
[Source "ChessBase"]
[SourceDate "2024.10.14"]
[SourceVersion "1"]
[SourceVersionDate "2024.10.14"]
[SourceQuality "1"]

1. Nf3 b6 2. c4 Bb7 3. Nc3 e6 4. g3 Bxf3 5. exf3 c5 6. Bg2 Nc6 7. 0-0 g6 8. f4 Nge7 9. Ne4 Bg7 10. Nd6+ Kf8 11. Rb1 Qb8 12. Nb5 a6 13. Nc3 Qc7 14. b3 Nf5 15. Bb2 h5 16. h4 Kg8 17. Ne2 Bxb2 18. Rxb2 Rd8 19. Re1 Kh7 20. d3 Rhe8 21. Bxc6 dxc6 22. Rd2 Nd4 23. Nxd4 Rxd4 24. Re4 Red8 25. Qe2 Qd6 26. Rxd4 Qxd4 27. Qe3 Qc3 28. Kg2 b5 29. Rd1 Qc2 30. Rd2 Qc3 31. Rd1 Qd4 32. Kf3 Qd6 33. Qe5 Qe7 34. d4 f6 35. Qe4 Qd6 36. Ke3 bxc4 37. bxc4 cxd4+ 38. Rxd4 Qc5 39. Kd3 Qa3+ 40. Ke2 Qxa2+ 41. Ke3 Qb3+ 42. Rd3 Qb6+ 43. Kf3 f5 44. Qe2 Rxd3+ 45. Qxd3 Qb7 46. Ke3 c5 47. f3 Qc7 48. Qc3 a5 49. Kd2 Qd7+ 50. Kc2 a4 51. Qe5 Qe7 52. Kb2 Qb7+ 1/2-1/2

[Event "BAN-chT 1st League"]
[Site "Dhaka"]
[Date "2021.02.25"]
[Round "1.4"]
[White "Azher, Hossain"]
[Black "Khan, Moniruzzaman"]
[Result "1/2-1/2"]
[WhiteElo "1359"]
[BlackElo "1966"]
[PlyCount "54"]
[EventDate "2021.02.25"]
[EventType "team-tourn"]
[EventRounds "11"]
[EventCountry "BAN"]
[SourceTitle "EXT 2022"]
[Source "ChessBase"]
[SourceDate "2021.10.06"]
[SourceVersion "1"]
[SourceVersionDate "2021.10.06"]
[SourceQuality "1"]
[WhiteTeam "Dhaka Knight's CC"]
[BlackTeam "Agrani Bank Daba Dal"]
[WhiteTeamCountry "BAN"]
[BlackTeamCountry "BAN"]

1. c4 e5 2. g3 Nf6 3. Bg2 c6 4. d4 e4 5. Nc3 d5 6. cxd5 cxd5 7. f3 Bb4 8. a3 Bxc3+ 9. bxc3 exf3 10. Nxf3 0-0 11. 0-0 Ne4 12. c4 dxc4 13. Ne5 Nc3 14. Qd2 Qxd4+ 15. Qxd4 Nxe2+ 16. Kf2 Nxd4 17. Nxc4 Nbc6 18. Bf4 Be6 19. Nd6 a5 20. Nxb7 Rab8 21. Nc5 Rfc8 22. Rae1 h6 23. Nxe6 fxe6 24. Be5 Rf8+ 25. Ke3 Rxf1 26. Bxf1 Nxe5 27. Kxd4 Nf3+ 1/2-1/2